00441nam a2200145 i 4500001000700000003000900007005001700016007000300033008004100036100002300077245004800100260008100148300004300229852002300272126603ES-MaACL20230906192840.0t|070214s1935 sp r ||||1| spa d1 aRequena, Fermín.10aDel Marruecos andaluz / cFermín Requena. aMelilla : bAgrupación Liberalista Andaluza, c1935 (fTip. La Española) a31 p., [1] h. de map. pleg. ; c21 cm. aES-MaACLj1803-F-3